00395nam a2200121Ia 4500003000400000005001700004008004100021040001800062041000800080100004900088245010000137260003600237OSt20260130145119.0211028s2018 xx 000 0 und d cAIMIT LIBRARY aeng aD Souza, Stacia Sharol; Harinakshi.g1616200 aStudy on the dynamics of work- life blance of nurses with reference to A J Hospital Mangalore / aMangalorebRayan D Souza.c2018